000 00780nam a2200217Ia 4500
008 130821s2005 xxu gr eng
020 _a0970415818
040 _aCo-BoUCM
_bspa
041 0 0 _aeng
060 _aWF 310
100 1 _aHasan, Rashed A.
_9164199
245 1 0 _aApocket guide to mechanical ventilation& other measures of raspiratory support for pediatric and adult patients
_cRasshed A. Hasan y Murat Kaynar
250 _a3a. Ed.
260 _aBoston (Massachusetts, Estados Unidos)
_bHarvard Medical School
_c2005
300 _a129 páginas
650 0 4 _aNeumología
_920263
650 0 4 _aRehabilitación cardiopulmonar
_923384
650 0 4 _aRespiración artificial
_9100
700 1 _aKaynar, Murat
_9164200
942 _cLIBRO
_a15
_e3
_mH344p
_2NLM
_hWF 310
_n0
999 _c56266
_d56266